Factors Influencing the Innovation Potential of SMEs in the Slovak Republic

Salvato in:
Dettagli Bibliografici
Autore principale: Šarlina, Alexander, 1995-
Altri autori: Mišúnová Hudáková, Ivana, 1976-
Natura: Capitolo di libro
Lingua:inglese
Soggetti:
Tags: Aggiungi Tag
Nessun Tag, puoi essere il primo ad aggiungerne!!

MARC

LEADER 00000naa$a2200000$$$4500
001 0314359
005 20260128094438.8
041 0 |a eng 
044 |a SK 
245 1 0 |a Factors Influencing the Innovation Potential of SMEs in the Slovak Republic  |c Alexander Šarlina, Ivana Mišúnová Hudáková 
610 2 0 |a ekonómia 
610 2 0 |a manažment 
610 2 0 |a podnikanie 
610 2 0 |a digitalizácia 
610 2 0 |a financie 
100 1 |a Šarlina, Alexander, 1995- 
700 1 |a Mišúnová Hudáková, Ivana, 1976-